Slovenská ekonomika a medzinárodný finančný systém
Očakávané zmeny v procese globalizácie kapitálových a finančných tokov: príprava Multilaterálnej dohody o investíciách (Multilateral Agreement on Investment - MAI), vytvorenie novej medzinárodnej finančnej architektúry. Adaptácia SR na nové podmienky na medzinárodných finančných trhoch. Podmienky vs...
Saved in:
| Main Author: | |
|---|---|
| Format: | Book Chapter |
| Language: | Slovak |
| Subjects: | |
| Tags: |
No Tags, Be the first to tag this record!
|
MARC
| LEADER | 00000naa a2200000 4500 | ||
|---|---|---|---|
| 001 | r042321 | ||
| 005 | 20230929073818.2 | ||
| 041 | 0 | |a slo | |
| 044 | |a SK | ||
| 245 | 1 | 0 | |a Slovenská ekonomika a medzinárodný finančný systém |c Peter Stanek |
| 520 | |a Očakávané zmeny v procese globalizácie kapitálových a finančných tokov: príprava Multilaterálnej dohody o investíciách (Multilateral Agreement on Investment - MAI), vytvorenie novej medzinárodnej finančnej architektúry. Adaptácia SR na nové podmienky na medzinárodných finančných trhoch. Podmienky vstupu zahraničných investorov a kapitálový trh. Vzťah podnikateľských subjektov a kapitálového trhu. Vytvorenie regulačného orgánu pre finančný trh. Privatizácia komerčných bánk. | ||
| 610 | 2 | 0 | |a financie medzinárodné |
| 610 | 2 | 0 | |a trh finančný medzinárodný |
| 610 | 2 | 0 | |a Slovensko |
| 610 | 2 | 0 | |a pohyb kapitálu |
| 610 | 2 | 0 | |a investície |
| 610 | 2 | 0 | |a investície zahraničné |
| 610 | 2 | 0 | |a investori |
| 610 | 2 | 0 | |a dozor |
| 610 | 2 | 0 | |a banky obchodné |
| 610 | 2 | 0 | |a privatizácia |
| 610 | 2 | 0 | |a OECD |
| 100 | 1 | |a Staněk, Peter | |